| 000 | 01093nam a22003017a 4500 | ||
|---|---|---|---|
| 001 | 611 | ||
| 005 | 20240607095912.0 | ||
| 020 | _a9781607276166 | ||
| 020 | _a160727616X | ||
| 040 |
_aBTCTA _beng _cBTCTA _dZQP _dB2A _dDLC |
||
| 050 | 0 | 0 |
_aQL696.S473 _bG35 2011 |
| 082 | 0 | 4 |
_a598.47/139 _223 |
| 100 | 1 |
_aGalvin, Laura Gates, _d1963- |
|
| 245 | 1 | 0 |
_aBaby Penguin waddles / _c[by Laura Gates Galvin]. |
| 260 |
_aNorwalk, Conn. : _bSoundprints, _c2011. |
||
| 300 |
_a16 unnumbered pages : _bcolor illustrations ; _c19 cm. |
||
| 490 | 0 | _aBaby animals | |
| 500 | _aTitle from cover. | ||
| 500 | _aOn board pages. | ||
| 500 | _a"Smithsonian Institution"--Cover. | ||
| 505 | _aD | ||
| 520 | _aCasebound board books with easy to download e-book and activities. Followed Baby Penguin as he slips, slides and waddles across the snow. There, lots of fun in store for Baby Penguin and his friends! | ||
| 521 |
_a230
_bLexile |
||
| 521 |
_aD
_bRaz-Plus |
||
| 650 | 0 |
_aPenguins _xInfancy _vJuvenile literature. |
|
| 906 |
_a7 _bcbc _ccopycat _d2 _encip _f20 _gy-gencatlg |
||
| 942 |
_2ddc _cBK _n0 |
||
| 999 |
_c611 _d611 |
||